000 00486pab a2200193 454500
008 180718b2006 xxu||||| |||| 00| 0 eng d
100 _aKanshal, Vijay Kumar
245 _aRegional trading blocks and India - with special reference to NAFTA
260 _c2006
300 _ap.72-81.
362 _aJan-Mar
650 _aNAFTA
650 _aTrade
700 _aSaklani, Vikrant
700 _aAttri, Kuldeep
773 _aIndian Economic Journal
908 _aN
909 _a83544
999 _c83544
_d83544